[Event "Lille Luce op 6th"]
[Site "Lille"]
[Date "2015.05.06"]
[Round "4"]
[White "Van Lommel, Patrick"]
[Black "Martynov, Petr"]
[Result "0-1"]
[WhiteElo "2120"]
[BlackElo "1885"]
[PlyCount "62"]
[EventDate "2015.05.04"]
[EventType "swiss"]
[EventRounds "9"]
[EventCountry "FRA"]
[SourceTitle "EXT 2017"]
[Source "ChessBase"]
[SourceDate "2016.10.25"]
[SourceVersion "1"]
[SourceVersionDate "2016.10.25"]
[SourceQuality "1"]

1. Nf3 e6 2. d4 Nf6 3. g3 d5 4. Bg2 Be7 5. 0-0 0-0 6. c4 b6 7. Nfd2 Bb7 8. cxd5 exd5 9. b3 c5 10. dxc5 bxc5 11. Bb2 Nc6 12. Nc3 Qd7 13. Rc1 Rac8 14. Na4 Nd4 15. e3 Ne6 16. Nf3 Rfd8 17. Ne5 Qb5 18. Nc3 Qa6 19. Qe2 d4 20. Bxb7 Qxb7 21. exd4 Nxd4 22. Qe3 Bd6 23. f4 Re8 24. h3 Nd7 25. Qe4 Qxe4 26. Nxe4 Bxe5 27. fxe5 Ne2+ 28. Kg2 Nxc1 29. Rxc1 Nxe5 30. Nd6 Nd3 31. Nxc8 Nxc1 0-1

[Event "Lille Luce op 6th"]
[Site "Lille"]
[Date "2015.05.04"]
[Round "1"]
[White "Zhigalko, Andrey"]
[Black "Van Lommel, Patrick"]
[Result "1-0"]
[WhiteElo "2586"]
[BlackElo "2120"]
[PlyCount "55"]
[EventDate "2015.05.04"]
[EventType "swiss"]
[EventRounds "9"]
[EventCountry "FRA"]
[SourceTitle "EXT 2017"]
[Source "ChessBase"]
[SourceDate "2016.10.25"]
[SourceVersion "1"]
[SourceVersionDate "2016.10.25"]
[SourceQuality "1"]

1. e4 e6 2. d3 d5 3. Nd2 Nf6 4. Ngf3 b6 5. c3 dxe4 6. dxe4 Bb7 7. Bb5+ Nfd7 8. 0-0 a6 9. Be2 Nc6 10. Qc2 Be7 11. Re1 Qc8 12. Nf1 0-0 13. Bf4 a5 14. Ng3 e5 15. Be3 Bc5 16. Qc1 Bxe3 17. Qxe3 Nc5 18. Bc4 Ne6 19. Nf5 Kh8 20. Ng5 g6 21. Nxh7 Nf4 22. Nxf8 gxf5 23. Nd7 Qg8 24. Bf1 Ba6 25. g3 Qg7 26. Bxa6 Rxa6 27. Kf1 Nh3 28. Qe2 1-0

[Event "Amsterdam Science Park op-A 3rd"]
[Site "Amsterdam"]
[Date "2013.07.09"]
[Round "4"]
[White "Cheung, Jan W"]
[Black "Van Lommel, Patrick"]
[Result "1-0"]
[WhiteElo "2079"]
[BlackElo "2135"]
[PlyCount "69"]
[EventDate "2013.07.06"]
[EventType "swiss"]
[EventRounds "9"]
[EventCountry "NED"]
[SourceTitle "CBM 155 Extra"]
[Source "ChessBase"]
[SourceDate "2013.08.26"]
[SourceVersion "1"]
[SourceVersionDate "2013.08.26"]
[SourceQuality "1"]

1. d4 Nf6 2. c4 g6 3. Nc3 Bg7 4. e4 d6 5. Nf3 0-0 6. Be2 e5 7. 0-0 exd4 8. Nxd4 Re8 9. f3 Nc6 10. Be3 Nh5 11. Qd2 Nf4 12. Nxc6 Nxe2+ 13. Nxe2 bxc6 14. Bd4 Be6 15. Bxg7 Kxg7 16. Nd4 c5 17. Ne2 Qf6 18. b3 a5 19. Nc3 Reb8 20. Rad1 a4 21. Nxa4 Bxc4 22. Rfe1 Be6 23. e5 dxe5 24. Nxc5 Rb5 25. Rc1 Ra3 26. Na4 Bxb3 27. axb3 Rbxb3 28. Rc3 Rxc3 29. Nxc3 Qb6+ 30. Kh1 Qb4 31. Ne4 Qb3 32. Qg5 Ra5 33. Qf6+ Kg8 34. Qd8+ Kg7 35. Qxc7 1-0

[Event "Amsterdam Science Park op-A 2nd"]
[Site "Amsterdam"]
[Date "2012.07.21"]
[Round "8"]
[White "Stork, Ornett J"]
[Black "Van Lommel, Patrick"]
[Result "0-1"]
[WhiteElo "2136"]
[BlackElo "2120"]
[PlyCount "64"]
[EventDate "2012.07.14"]
[EventType "swiss"]
[EventRounds "9"]
[EventCountry "NED"]
[SourceTitle "CBM 149 Extra"]
[Source "ChessBase"]
[SourceDate "2012.08.24"]
[SourceVersion "1"]
[SourceVersionDate "2012.08.24"]
[SourceQuality "1"]

1. d4 Nf6 2. c4 g6 3. Nc3 Bg7 4. e4 d6 5. Nge2 0-0 6. Ng3 c6 7. Be2 a6 8. h4 e5 9. d5 cxd5 10. cxd5 b5 11. b4 a5 12. Nxb5 axb4 13. Bd2 Na6 14. Qb1 Qb6 15. Bxb4 Nxb4 16. Qxb4 Bd7 17. a4 Rfb8 18. 0-0 Ne8 19. Rfb1 Bf8 20. h5 Qd8 21. Qc3 Qh4 22. Qf3 Nf6 23. hxg6 hxg6 24. a5 Bg4 25. Qd3 Bh6 26. Bxg4 Nxg4 27. a6 Be3 28. fxe3 Qxg3 29. Nc7 Qf2+ 30. Kh1 Kg7 31. Rxb8 Rxb8 32. a7 Rh8# 0-1

[Event "Amsterdam Science Park op-A 2nd"]
[Site "Amsterdam"]
[Date "2012.07.19"]
[Round "6"]
[White "Mellema, Andries"]
[Black "Van Lommel, Patrick"]
[Result "1/2-1/2"]
[WhiteElo "2167"]
[BlackElo "2120"]
[PlyCount "75"]
[EventDate "2012.07.14"]
[EventType "swiss"]
[EventRounds "9"]
[EventCountry "NED"]
[SourceTitle "CBM 149 Extra"]
[Source "ChessBase"]
[SourceDate "2012.08.24"]
[SourceVersion "1"]
[SourceVersionDate "2012.08.24"]
[SourceQuality "1"]

1. e4 e6 2. d4 d5 3. exd5 exd5 4. Nc3 Bb4 5. Bd3 Nc6 6. Nge2 Nge7 7. Bg5 Be6 8. Qd2 Qd7 9. 0-0 f6 10. Be3 Bf5 11. a3 Bxc3 12. Qxc3 Bxd3 13. Qxd3 0-0 14. Bf4 Rfe8 15. Rfe1 Nd8 16. Nc3 c6 17. Re2 Nf7 18. Rae1 Ng6 19. Bg3 Rxe2 20. Qxe2 Nd6 21. Bxd6 Qxd6 22. g3 Qd7 23. h4 Kf7 24. Qh5 Kg8 25. Qe2 Kf7 26. Na4 b6 27. Qa6 Nxh4 28. Re3 Nf5 29. Nxb6 axb6 30. Qxa8 Nxe3 31. fxe3 Qg4 32. Kf2 Qf5+ 33. Ke1 Qxc2 34. Qb7+ Kg6 35. Qxb6 Qc1+ 36. Ke2 Qc2+ 37. Kf1 Qd1+ 38. Kf2 1/2-1/2

[Event "Amsterdam Science Park op-A 2nd"]
[Site "Amsterdam"]
[Date "2012.07.16"]
[Round "3"]
[White "Van Lommel, Patrick"]
[Black "Kuling, Lody"]
[Result "0-1"]
[WhiteElo "2120"]
[BlackElo "2244"]
[PlyCount "72"]
[EventDate "2012.07.14"]
[EventType "swiss"]
[EventRounds "9"]
[EventCountry "NED"]
[SourceTitle "CBM 149 Extra"]
[Source "ChessBase"]
[SourceDate "2012.08.24"]
[SourceVersion "1"]
[SourceVersionDate "2012.08.24"]
[SourceQuality "1"]

1. d4 f5 2. Nf3 Nf6 3. c4 g6 4. g3 Bg7 5. Bg2 d6 6. 0-0 0-0 7. Nc3 Nc6 8. a3 e5 9. d5 Ne7 10. e4 f4 11. Ng5 h6 12. Ne6 Bxe6 13. dxe6 g5 14. gxf4 exf4 15. Nd5 c6 16. Nxf6+ Rxf6 17. c5 dxc5 18. Qb3 Qb6 19. Qh3 Rd8 20. b4 c4 21. Bb2 Rd3 22. Qh5 c3 23. Bc1 Rxe6 24. Bh3 Re5 25. Ra2 Qd8 26. Kh1 Kf8 27. f3 Rd1 28. Raf2 b6 29. Qg4 Rd3 30. Rg1 Ng6 31. Qh5 Qd6 32. Bf5 Ne7 33. Bxf4 gxf4 34. Rxg7 Kxg7 35. Rg2+ Kf8 36. Rg6 Qxg6 0-1

[Event "Amsterdam Science Park op-A 2nd"]
[Site "Amsterdam"]
[Date "2012.07.14"]
[Round "1"]
[White "Van Lommel, Patrick"]
[Black "Lammens, Tim"]
[Result "0-1"]
[WhiteElo "2120"]
[BlackElo "2291"]
[PlyCount "92"]
[EventDate "2012.07.14"]
[EventType "swiss"]
[EventRounds "9"]
[EventCountry "NED"]
[SourceTitle "CBM 149 Extra"]
[Source "ChessBase"]
[SourceDate "2012.08.24"]
[SourceVersion "1"]
[SourceVersionDate "2012.08.24"]
[SourceQuality "1"]

1. d4 Nf6 2. c4 g6 3. Nc3 Bg7 4. e4 0-0 5. Be2 d6 6. Nf3 e5 7. 0-0 exd4 8. Nxd4 Re8 9. f3 c6 10. Kh1 Nbd7 11. Nc2 Nb6 12. Ne3 Nh5 13. f4 Qh4 14. Bxh5 Qxh5 15. Qxh5 gxh5 16. Rd1 Bxc3 17. bxc3 Rxe4 18. Kg1 Bg4 19. Rxd6 Rae8 20. h3 Be6 21. f5 Bxc4 22. Nxc4 Nxc4 23. Rd7 Re1+ 24. Kh2 b5 25. a4 Ne5 26. Rd2 h4 27. axb5 cxb5 28. Rda2 f6 29. Bh6 Rxa1 30. Rxa1 Re7 31. Rd1 Nf7 32. Bf4 Re4 33. Bb8 a6 34. Bc7 Rc4 35. Ba5 Ne5 36. Rd6 Nc6 37. Bb6 Kf7 38. Rd7+ Ke8 39. Rxh7 a5 40. Rh8+ Ke7 41. Bf2 a4 42. Ra8 Kd6 43. g4 hxg3+ 44. Bxg3+ Kd5 45. Re8 Rxc3 46. h4 Nd4 0-1

[Event "Hoogeveen Unive op 15th"]
[Site "Hoogeveen"]
[Date "2011.10.22"]
[Round "9"]
[White "Van Lommel, Patrick"]
[Black "Van Foreest, Jorden"]
[Result "1/2-1/2"]
[WhiteElo "2111"]
[BlackElo "2153"]
[PlyCount "51"]
[EventDate "2011.10.14"]
[EventType "swiss"]
[EventRounds "9"]
[EventCountry "NED"]
[SourceTitle "CBM 144 Extra"]
[Source "ChessBase"]
[SourceDate "2011.10.28"]
[SourceVersion "1"]
[SourceVersionDate "2011.10.28"]
[SourceQuality "1"]

1. Nf3 Nf6 2. c4 g6 3. g3 Bg7 4. Bg2 0-0 5. 0-0 c5 6. Nc3 d5 7. cxd5 Nxd5 8. Nxd5 Qxd5 9. d3 Nc6 10. Nd2 Qh5 11. Rb1 Bh3 12. Nf3 Bxg2 13. Kxg2 Qd5 14. b3 Ne5 15. Bb2 Nxf3 16. exf3 Bxb2 17. Rxb2 Rfd8 18. Qe2 Rd7 19. Rd2 Rc8 20. Qe4 Rc6 21. Re1 Rcd6 22. Re3 b5 23. Rc2 e6 24. Qf4 Rc6 25. Qb8+ Kg7 26. Qxb5 1/2-1/2

[Event "Oberliga NRW 0607"]
[Site "Germany"]
[Date "2006.12.17"]
[Round "4.6"]
[White "Van Lommel, Patrick"]
[Black "Wilde, Pierre"]
[Result "1/2-1/2"]
[WhiteElo "2114"]
[BlackElo "2265"]
[PlyCount "49"]
[EventDate "2006.09.17"]
[EventType "team-tourn"]
[EventRounds "9"]
[EventCountry "GER"]
[SourceTitle "EXT 2008"]
[Source "ChessBase"]
[SourceDate "2007.11.25"]
[SourceVersion "1"]
[SourceVersionDate "2007.11.25"]
[SourceQuality "1"]
[WhiteTeam "Betzdorf Kirchen"]
[BlackTeam "Gescher"]
[WhiteTeamCountry "GER"]
[BlackTeamCountry "GER"]

1. d4 e6 2. e4 d5 3. Nd2 c5 4. exd5 Qxd5 5. Ngf3 cxd4 6. Bc4 Qd6 7. 0-0 Nf6 8. Nb3 Nc6 9. Nbxd4 Nxd4 10. Qxd4 Qxd4 11. Nxd4 a6 12. c3 Bc5 13. Nb3 Be7 14. Be2 e5 15. Be3 0-0 16. Rfd1 Bf5 17. Na5 Rab8 18. Nc4 Nd7 19. Rd5 Be6 20. Nxe5 Nxe5 21. Rxe5 Rfd8 22. Bd4 Bf6 23. Re4 Bxd4 24. cxd4 Rbc8 25. Bd3 1/2-1/2

[Event "NRW Class2 0506"]
[Site "Germany"]
[Date "2006.01.08"]
[Round "5.6"]
[White "Arold, Gerhard"]
[Black "Van Lommel, Patrick"]
[Result "1-0"]
[WhiteElo "2086"]
[BlackElo "2122"]
[PlyCount "64"]
[EventDate "2005.09.25"]
[EventType "team"]
[EventRounds "9"]
[EventCountry "GER"]
[SourceTitle "EXT 2006"]
[Source "ChessBase"]
[SourceDate "2005.11.24"]
[SourceVersion "1"]
[SourceVersionDate "2005.11.24"]
[SourceQuality "1"]
[WhiteTeam "Elberfeld"]
[BlackTeam "Betzdorf Kirchen"]
[WhiteTeamCountry "GER"]
[BlackTeamCountry "GER"]

1. d4 Nf6 2. Nf3 g6 3. Bf4 Bg7 4. h3 0-0 5. e3 d6 6. Be2 Nbd7 7. 0-0 Qe8 8. Nbd2 e5 9. dxe5 dxe5 10. Bh2 Qe7 11. Nc4 Rd8 12. Qe1 Ne4 13. Rd1 f6 14. Qa5 Qc5 15. Qxc5 Nexc5 16. Ne1 Re8 17. Nd3 Nxd3 18. cxd3 Nb6 19. d4 exd4 20. Bxc7 Nd5 21. Bg3 d3 22. Rxd3 Nb4 23. Rb3 Bf8 24. a3 Nc6 25. Bf3 Be6 26. Rxb7 Bxc4 27. Bxc6 Bxf1 28. Bxe8 Ba6 29. Bf7+ Kg7 30. Rc7 Kh6 31. Bg8 Bg7 32. Bd5 Bd3 1-0

[Event "NRW Class2 0506"]
[Site "Germany"]
[Date "2005.10.09"]
[Round "2.6"]
[White "Van Lommel, Patrick"]
[Black "Rosen, Willy"]
[Result "0-1"]
[WhiteElo "2122"]
[BlackElo "2267"]
[PlyCount "80"]
[EventDate "2005.09.25"]
[EventType "team"]
[EventRounds "9"]
[EventCountry "GER"]
[SourceTitle "EXT 2006"]
[Source "ChessBase"]
[SourceDate "2005.11.24"]
[SourceVersion "1"]
[SourceVersionDate "2005.11.24"]
[SourceQuality "1"]
[WhiteTeam "Betzdorf Kirchen"]
[BlackTeam "Katernberg II"]
[WhiteTeamCountry "GER"]
[BlackTeamCountry "GER"]

1. d4 Nf6 2. c4 e6 3. Nf3 b6 4. a3 Ba6 5. Qc2 Bb7 6. Nc3 c5 7. dxc5 bxc5 8. Bf4 d6 9. Rd1 Qb6 10. e3 Be7 11. Be2 Nbd7 12. 0-0 h6 13. Nd2 0-0 14. Nde4 Nxe4 15. Nxe4 e5 16. Bg3 f5 17. Nc3 f4 18. Bg4 Rad8 19. Qg6 Rf6 20. Qh5 fxg3 21. Bxd7 Rxf2 22. Nd5 Bxd5 23. cxd5 Qxb2 24. Be6+ Kh8 25. hxg3 Rdf8 26. Rb1 Qd2 27. Rxf2 Qxf2+ 28. Kh2 Qxe3 29. Rb7 Qg5 30. Qxg5 Bxg5 31. Rxa7 e4 32. Ra4 e3 33. Bg4 Rf2 34. Re4 Rd2 35. Bf3 Kg8 36. Re6 c4 37. Re8+ Kf7 38. Rc8 e2 39. Bxe2 Rxe2 40. Rxc4 Rd2 0-1

[Event "NRW Class1 0405"]
[Site "Germany"]
[Date "2005.04.03"]
[Round "8.7"]
[White "Van Lommel, Patrick"]
[Black "Rosskothen, Arnd"]
[Result "1/2-1/2"]
[WhiteElo "2139"]
[BlackElo "2184"]
[PlyCount "82"]
[EventDate "2004.10.10"]
[EventType "team"]
[EventRounds "9"]
[EventCountry "GER"]
[SourceTitle "EXT 2006"]
[Source "ChessBase"]
[SourceDate "2005.11.24"]
[SourceVersion "1"]
[SourceVersionDate "2005.11.24"]
[SourceQuality "1"]
[WhiteTeam "Betzdorf Kirchen"]
[BlackTeam "Koeln Brueck"]
[WhiteTeamCountry "GER"]
[BlackTeamCountry "GER"]

1. d4 Nf6 2. c4 e6 3. Nf3 b6 4. a3 Ba6 5. Qc2 c5 6. dxc5 bxc5 7. e4 Nc6 8. Bd3 Qc7 9. 0-0 Ng4 10. g3 Be7 11. h3 Nge5 12. Nxe5 Nxe5 13. Be2 0-0 14. Be3 f5 15. f4 Nc6 16. exf5 Rxf5 17. Nc3 Nd4 18. Bxd4 cxd4 19. Qe4 Bb7 20. Nd5 Bxd5 21. cxd5 Rxd5 22. Bd3 g6 23. Rac1 Qb7 24. Rc2 Rf8 25. Re1 Qb6 26. Kg2 Rc5 27. Rec1 Rfc8 28. Rxc5 Rxc5 29. Qa8+ Kg7 30. Rxc5 Qxc5 31. Qb7 Qc6+ 32. Qxc6 dxc6 33. Kf3 Kf6 34. Ke4 c5 35. Ba6 Bd8 36. g4 h6 37. Bc4 Bc7 38. b3 Bd6 39. a4 Bc7 40. Bd3 Ba5 41. Bc4 Bc7 1/2-1/2

[Event "Hoogeveen Essent op"]
[Site "Hoogeveen"]
[Date "2004.10.22"]
[Round "8"]
[White "Van Lommel, Patrick"]
[Black "Galje, Hans"]
[Result "0-1"]
[WhiteElo "2139"]
[BlackElo "2115"]
[PlyCount "72"]
[EventDate "2004.10.15"]
[EventType "swiss"]
[EventRounds "9"]
[EventCountry "NED"]
[SourceTitle "CBM 102 Extra"]
[Source "ChessBase"]
[SourceDate "2004.11.03"]
[SourceVersion "1"]
[SourceVersionDate "2004.11.03"]
[SourceQuality "1"]

1. Nf3 Nf6 2. c4 c5 3. Nc3 Nc6 4. g3 d5 5. cxd5 Nxd5 6. Bg2 Nc7 7. 0-0 e5 8. d3 Be7 9. Nd2 Bd7 10. Nc4 f6 11. f4 b5 12. Ne3 Rc8 13. Ned5 Nxd5 14. Nxd5 Be6 15. Nxe7 Qxe7 16. fxe5 Nxe5 17. Bf4 Nc6 18. b3 0-0 19. Rc1 Rfd8 20. Qe1 Nb4 21. a3 Nc6 22. b4 Nd4 23. Rxc5 Rxc5 24. bxc5 Qxc5 25. Be3 Qxa3 26. Qf2 Qb2 27. Bxd4 Qxd4 28. Rb1 Qxf2+ 29. Kxf2 Rb8 30. Ke3 b4 31. Kd4 a5 32. Kc5 b3 33. d4 a4 34. Kd6 a3 35. Kxe6 a2 36. Be4 b2 0-1

[Event "Hoogeveen Essent op"]
[Site "Hoogeveen"]
[Date "2004.10.15"]
[Round "1"]
[White "Grimm, Sascha"]
[Black "Van Lommel, Patrick"]
[Result "1-0"]
[WhiteElo "2342"]
[BlackElo "2139"]
[PlyCount "101"]
[EventDate "2004.10.15"]
[EventType "swiss"]
[EventRounds "9"]
[EventCountry "NED"]
[SourceTitle "CBM 102 Extra"]
[Source "ChessBase"]
[SourceDate "2004.11.03"]
[SourceVersion "1"]
[SourceVersionDate "2004.11.03"]
[SourceQuality "1"]

1. Nf3 Nf6 2. c4 g6 3. Nc3 Bg7 4. g3 0-0 5. Bg2 d6 6. 0-0 c5 7. d4 Nc6 8. d5 Na5 9. Nd2 Rb8 10. Qc2 e6 11. Rb1 exd5 12. cxd5 Re8 13. e3 b6 14. b4 cxb4 15. Rxb4 Ba6 16. Nb5 Rc8 17. Qb1 Rc5 18. e4 Qd7 19. a4 Rec8 20. Nf3 Ne8 21. Bb2 Bxb5 22. axb5 Rxb5 23. Bh3 f5 24. Bxg7 Rxb4 25. Qxb4 Nxg7 26. Qd2 Rc5 27. Qh6 Ne8 28. exf5 Qg7 29. Qe3 Nc7 30. fxg6 hxg6 31. Be6+ Kh8 32. Ng5 Rc3 33. Qf4 Rc4 34. Qxd6 Nb7 35. Qa3 Nb5 36. Qd3 N7d6 37. Nf7+ Kh7 38. Ng5+ Kh8 39. h4 Rc3 40. Qd1 Qf6 41. Re1 Ra3 42. Qg4 Ra2 43. Nh3 Nc3 44. h5 Kg7 45. hxg6 Qxg6 46. Qh4 Qf6 47. Qb4 Nde4 48. Rxe4 Ra4 49. Rg4+ Kh6 50. Qb2 Ra1+ 51. Kg2 1-0

[Event "Hoogeveen Essent op"]
[Site "Hoogeveen"]
[Date "2003.10.18"]
[Round "9"]
[White "Jongsma, Daan"]
[Black "Van Lommel, Patrick"]
[Result "1-0"]
[WhiteElo "2248"]
[BlackElo "2168"]
[PlyCount "93"]
[EventDate "2003.10.10"]
[EventType "swiss"]
[EventRounds "9"]
[EventCountry "NED"]
[SourceTitle "CBM 096 Extra"]
[Source "ChessBase"]
[SourceDate "2003.10.22"]
[SourceVersion "2"]
[SourceVersionDate "2003.10.20"]
[SourceQuality "1"]

1. e4 e6 2. d4 d5 3. Nc3 Bb4 4. Nge2 dxe4 5. a3 Bxc3+ 6. Nxc3 Nc6 7. Bb5 Nge7 8. Nxe4 0-0 9. c3 Qd5 10. Bd3 f5 11. Ng3 e5 12. 0-0 Kh8 13. dxe5 Nxe5 14. Bc2 Qxd1 15. Rxd1 N5c6 16. Bf4 Ng6 17. Bxc7 f4 18. Ne4 f3 19. g3 Bf5 20. Rd2 Rac8 21. Bd6 Rfe8 22. Nf6 gxf6 23. Bxf5 Rcd8 24. Rad1 Re2 25. Kf1 Rxd2 26. Rxd2 Nge5 27. Be6 Kg7 28. b4 Nf7 29. Bf4 Re8 30. Bxf7 Kxf7 31. Rd3 Ne5 32. Bxe5 fxe5 33. Rxf3+ Ke6 34. Re3 Kd5 35. Ke2 Kc4 36. Kd2 Kb3 37. Kd3 Kxa3 38. f4 Rd8+ 39. Kc4 exf4 40. gxf4 Rf8 41. Rf3 Rf5 42. Kd4 Kb3 43. Ke4 Rh5 44. h3 a5 45. bxa5 Rxa5 46. f5 b5 47. f6 1-0

[Event "Hoogeveen Essent op"]
[Site "Hoogeveen"]
[Date "2003.10.14"]
[Round "5"]
[White "Van Lommel, Patrick"]
[Black "Afek, Yochanan"]
[Result "1/2-1/2"]
[WhiteElo "2168"]
[BlackElo "2376"]
[PlyCount "24"]
[EventDate "2003.10.10"]
[EventType "swiss"]
[EventRounds "9"]
[EventCountry "NED"]
[SourceTitle "CBM 096 Extra"]
[Source "ChessBase"]
[SourceDate "2003.10.22"]
[SourceVersion "2"]
[SourceVersionDate "2003.10.20"]
[SourceQuality "1"]

1. d4 d5 2. c4 dxc4 3. e3 e5 4. Bxc4 exd4 5. exd4 Bb4+ 6. Nc3 Nf6 7. Qb3 Qe7+ 8. Nge2 0-0 9. 0-0 Nc6 10. Bg5 Na5 11. Bxf6 gxf6 12. Qc2 Nxc4 1/2-1/2

[Event "Hoogeveen Essent op"]
[Site "Hoogeveen"]
[Date "2002.10.18"]
[Round "8"]
[White "Boersma, Jan"]
[Black "Van Lommel, Patrick"]
[Result "1/2-1/2"]
[WhiteElo "2244"]
[BlackElo "2226"]
[PlyCount "55"]
[EventDate "2002.10.11"]
[EventType "swiss"]
[EventRounds "9"]
[EventCountry "NED"]
[SourceTitle "CBM 090 Extra"]
[Source "ChessBase"]
[SourceDate "2002.11.07"]
[SourceVersion "1"]
[SourceVersionDate "2002.11.07"]
[SourceQuality "1"]

1. e4 e6 2. d4 d5 3. Nc3 Bb4 4. Nge2 dxe4 5. a3 Be7 6. Nxe4 Nf6 7. N2g3 Nbd7 8. c3 0-0 9. Bd3 c5 10. Bc2 cxd4 11. Qxd4 Nxe4 12. Qxe4 Nf6 13. Qh4 g6 14. Bh6 Re8 15. 0-0 Nd5 16. Qg4 e5 17. Qf3 Nf6 18. h3 Qb6 19. Rfe1 Bf8 20. Bxf8 Kxf8 21. Ba4 Re7 22. Rad1 Kg7 23. Rd2 Bd7 24. Bxd7 Rxd7 25. Rxd7 Nxd7 26. Qd5 Nf6 27. Qd2 Re8 28. c4 1/2-1/2

[Event "Hoogeveen Essent op"]
[Site "Hoogeveen"]
[Date "2002.10.15"]
[Round "5"]
[White "Van Lommel, Patrick"]
[Black "Cako, Laszlo"]
[Result "0-1"]
[WhiteElo "2226"]
[BlackElo "2115"]
[PlyCount "134"]
[EventDate "2002.10.11"]
[EventType "swiss"]
[EventRounds "9"]
[EventCountry "NED"]
[SourceTitle "CBM 090 Extra"]
[Source "ChessBase"]
[SourceDate "2002.11.07"]
[SourceVersion "1"]
[SourceVersionDate "2002.11.07"]
[SourceQuality "1"]

1. d4 Nf6 2. Bg5 e6 3. e4 h6 4. Bxf6 Qxf6 5. Nf3 d6 6. Nc3 g6 7. Qd2 Bg7 8. 0-0-0 a6 9. e5 Qe7 10. h4 h5 11. Kb1 dxe5 12. Nxe5 Nd7 13. Nxd7 Bxd7 14. Bd3 Bc6 15. d5 Bd7 16. Rhe1 0-0-0 17. Qe3 Kb8 18. d6 cxd6 19. Bxa6 Bxc3 20. bxc3 Bc6 21. Bf1 Qxh4 22. Rd4 Qf6 23. Rb4 Qe5 24. Qd2 Qa5 25. c4 Qc5 26. Re3 Kc7 27. Rbb3 Ra8 28. Qc3 Rhd8 29. Bd3 Ra6 30. Qf6 Rd7 31. Be4 Qa5 32. Bxc6 Qxa2+ 33. Kc1 Rxc6 34. Qf3 Qa1+ 35. Rb1 Qd4 36. Reb3 b6 37. Ra3 Qxc4 38. Ra7+ Kb8 39. Rxb6+ Kxa7 40. Rxc6 Qf1+ 41. Kd2 Qb5 42. Qe3+ Kb7 43. Rc3 Qd5+ 44. Kc1 Rc7 45. Rxc7+ Kxc7 46. Qf4 e5 47. Qh4 Kd7 48. Qh3+ Ke7 49. g4 Qe6 50. f3 e4 51. fxe4 Qxg4 52. Qe3 g5 53. Qa7+ Ke6 54. Qa2+ Kf6 55. Qb2+ Kg6 56. Qh8 Qf4+ 57. Kb1 h4 58. Qc8 Qf1+ 59. Ka2 h3 60. Qg8+ Kh5 61. Qh8+ Kg4 62. Qc8+ Kg3 63. Qc3+ Qf3 64. Qe1+ Qf2 65. Qa5 Qxc2+ 66. Ka1 Qc1+ 67. Ka2 h2 0-1

[Event "Hoogeveen Essent op"]
[Site "Hoogeveen"]
[Date "2002.10.14"]
[Round "4"]
[White "Van Lommel, Patrick"]
[Black "Van Weersel, Arlette"]
[Result "0-1"]
[WhiteElo "2226"]
[BlackElo "2093"]
[PlyCount "64"]
[EventDate "2002.10.11"]
[EventType "swiss"]
[EventRounds "9"]
[EventCountry "NED"]
[SourceTitle "CBM 090 Extra"]
[Source "ChessBase"]
[SourceDate "2002.11.07"]
[SourceVersion "1"]
[SourceVersionDate "2002.11.07"]
[SourceQuality "1"]

1. c4 e6 2. g3 d5 3. Bg2 Nf6 4. Nf3 Be7 5. 0-0 0-0 6. Qc2 d4 7. d3 c5 8. Bf4 Nc6 9. Nbd2 Nh5 10. Be5 f6 11. g4 Nxe5 12. gxh5 Nc6 13. Ne4 f5 14. Ng3 f4 15. Ne4 Rf5 16. h6 g6 17. Qd2 Qf8 18. Bh3 Rh5 19. Bg4 Rxh6 20. e3 e5 21. Bxc8 Rxc8 22. exf4 exf4 23. Kh1 Qf5 24. Rg1 Qh3 25. Nf6+ Bxf6 26. Qxf4 Kg7 27. Rae1 Rf8 28. Rg3 Qd7 29. Qe4 Rf7 30. Reg1 Qe7 31. Qd5 Nb4 32. Qf5 Qd7 0-1

[Event "Hoogeveen Essent op"]
[Site "Hoogeveen"]
[Date "2002.10.13"]
[Round "3"]
[White "Hanley, Craig"]
[Black "Van Lommel, Patrick"]
[Result "1-0"]
[WhiteElo "2345"]
[BlackElo "2226"]
[PlyCount "47"]
[EventDate "2002.10.11"]
[EventType "swiss"]
[EventRounds "9"]
[EventCountry "NED"]
[SourceTitle "CBM 090 Extra"]
[Source "ChessBase"]
[SourceDate "2002.11.07"]
[SourceVersion "1"]
[SourceVersionDate "2002.11.07"]
[SourceQuality "1"]

1. e4 e6 2. d4 d5 3. Nc3 dxe4 4. Nxe4 Nd7 5. Nf3 Ngf6 6. Nxf6+ Nxf6 7. c3 c5 8. Ne5 Be7 9. Bb5+ Bd7 10. Nxd7 Nxd7 11. dxc5 Bxc5 12. Qh5 Be7 13. Bh6 a6 14. Bxg7 Rg8 15. Bxd7+ Qxd7 16. Rd1 Qxd1+ 17. Qxd1 Rxg7 18. 0-0 Rd8 19. Qa4+ Kf8 20. Rd1 Bd6 21. g3 Ke7 22. c4 Rg4 23. Qb3 Rd7 24. c5 1-0